000 00208nam a22000857a 4500
999 _c11416
_d11416
008 190416b ||||| |||| 00| 0 eng d
020 _a9384328111
100 _97148
_aVERGHESE K.BABU
245 _aLET THERE BE INDIA